<?xml version="1.0" encoding="UTF-8"?>
<collection xmlns="http://www.loc.gov/MARC21/slim">
 <record>
  <leader>03100nam a2200589 a 4500</leader>
  <controlfield tag="001">TVCDKTCT9268</controlfield>
  <controlfield tag="003">Thư viện trường Cao đẳng Kỹ thuật Cao Thắng</controlfield>
  <controlfield tag="005">20220922154248.000</controlfield>
  <controlfield tag="008">080505</controlfield>
  <datafield tag="980" ind1="\" ind2="\">
   <subfield code="a">Thư viện Trường CĐ Kỹ Thuật Cao Thắng</subfield>
  </datafield>
  <datafield tag="024" ind1=" " ind2=" ">
   <subfield code="a">RG_1 #1 eb0 i1</subfield>
  </datafield>
  <datafield tag="041" ind1="0" ind2="#">
   <subfield code="a">vie</subfield>
  </datafield>
  <datafield tag="082" ind1="#" ind2="#">
   <subfield code="a">604.2 / </subfield>
   <subfield code="b">TR121QU-v</subfield>
  </datafield>
  <datafield tag="100" ind1="1" ind2="#">
   <subfield code="a">Đặng Văn Cứ</subfield>
  </datafield>
  <datafield tag="245" ind1="0" ind2="0">
   <subfield code="a">Vẽ kỹ thuật cơ khí .Tập 1. / </subfield>
   <subfield code="c">Đặng Văn Cứ, Trần Hữu Quế, Nguyễn Văn Tuấn</subfield>
  </datafield>
  <datafield tag="250" ind1="#" ind2="#">
   <subfield code="a">Tái bản lần thứ 2</subfield>
  </datafield>
  <datafield tag="260" ind1="#" ind2="#">
   <subfield code="a">H. : </subfield>
   <subfield code="b">Giáo dục , </subfield>
   <subfield code="c">2007</subfield>
  </datafield>
  <datafield tag="300" ind1="#" ind2="#">
   <subfield code="a">227tr. ; </subfield>
   <subfield code="c">27cm</subfield>
  </datafield>
  <datafield tag="520" ind1="#" ind2="#">
   <subfield code="a">Bản vẽ kỹ thuật là một phương tiện thông tin kỹ thuật, là công cụ chủ yếu diễn đạt ý đồ thiết kế, là tài liệu kỹ thuật cơ bản dùng để chỉ đạo sản xuất. nội dung của cuốn sách gồm 12 chương, chia làm 2 tập</subfield>
  </datafield>
  <datafield tag="520" ind1="#" ind2="#">
   <subfield code="a">Chương 1: Dụng cụ vẽ và cách sử dụng</subfield>
  </datafield>
  <datafield tag="520" ind1="#" ind2="#">
   <subfield code="a">Chương 10: Vẽ quy ước bánh răng</subfield>
  </datafield>
  <datafield tag="520" ind1="#" ind2="#">
   <subfield code="a">Chương 11: Dung sai và nhám bề mặt</subfield>
  </datafield>
  <datafield tag="520" ind1="#" ind2="#">
   <subfield code="a">Chương 12: Bản vẽ chi tiết</subfield>
  </datafield>
  <datafield tag="520" ind1="#" ind2="#">
   <subfield code="a">Chương 13: Bản vẽ lắp</subfield>
  </datafield>
  <datafield tag="520" ind1="#" ind2="#">
   <subfield code="a">Chương 14: Bản vẽ khai triển, hàm và kết cấu kim lọai</subfield>
  </datafield>
  <datafield tag="520" ind1="#" ind2="#">
   <subfield code="a">Chương 15: Sơ đồ và bản vẽ điện tử</subfield>
  </datafield>
  <datafield tag="520" ind1="#" ind2="#">
   <subfield code="a">Chương 16: Bản vẽ xây dựng</subfield>
  </datafield>
  <datafield tag="520" ind1="#" ind2="#">
   <subfield code="a">Chương 2: Vẽ kỹ thuật trợ giúp bằng máy tính điện tử</subfield>
  </datafield>
  <datafield tag="520" ind1="#" ind2="#">
   <subfield code="a">Chương 3: Tiêu chuẩn về trình bày bản vẽ kỹ thuật</subfield>
  </datafield>
  <datafield tag="520" ind1="#" ind2="#">
   <subfield code="a">Chương 4: Vẽ hình học</subfield>
  </datafield>
  <datafield tag="520" ind1="#" ind2="#">
   <subfield code="a">Chương 5: Biểu diễn hình học</subfield>
  </datafield>
  <datafield tag="520" ind1="#" ind2="#">
   <subfield code="a">Chương 6: Biểu diễn đối tượng trong CADD</subfield>
  </datafield>
  <datafield tag="520" ind1="#" ind2="#">
   <subfield code="a">Chương 7: Hình chiếu trục đo và hình chiếu phối cảnh</subfield>
  </datafield>
  <datafield tag="520" ind1="#" ind2="#">
   <subfield code="a">Chương 8: Xây dựng hình biểu diễn nổi và tạo hình ảnh thực</subfield>
  </datafield>
  <datafield tag="520" ind1="#" ind2="#">
   <subfield code="a">Chương 9; Biểu diễn ren và chi tiết ghép</subfield>
  </datafield>
  <datafield tag="520" ind1="#" ind2="#">
   <subfield code="a">õ</subfield>
  </datafield>
  <datafield tag="520" ind1="#" ind2="#">
   <subfield code="a">Qua đó giúp cho các giảng viên và sinh viên có thể lựa chọn nội dung trong các chương mục của cuốn sách phù hợp với chương trình vẽ kỹ thuật quy định cho từng ngành học</subfield>
  </datafield>
  <datafield tag="520" ind1="#" ind2="#">
   <subfield code="a">Tập 1: Gồm 9 chương :</subfield>
  </datafield>
  <datafield tag="520" ind1="#" ind2="#">
   <subfield code="a">Tập 2: gồm 7 chương</subfield>
  </datafield>
  <datafield tag="650" ind1="#" ind2="4">
   <subfield code="a">Vẽ kỹ thuật</subfield>
  </datafield>
  <datafield tag="653" ind1="#" ind2="#">
   <subfield code="a">Technical drawing</subfield>
  </datafield>
  <datafield tag="700" ind1="0" ind2="#">
   <subfield code="a">Nguyễn Văn Tuấn</subfield>
  </datafield>
  <datafield tag="700" ind1="0" ind2="#">
   <subfield code="a">Trần Hữu Quế</subfield>
  </datafield>
  <datafield tag="721" ind1="#" ind2="#">
   <subfield code="a">CN Tự động</subfield>
  </datafield>
  <datafield tag="721" ind1="#" ind2="#">
   <subfield code="a">CNKT Cơ điện tử</subfield>
  </datafield>
  <datafield tag="721" ind1="#" ind2="#">
   <subfield code="a">CNKT Cơ khí</subfield>
  </datafield>
  <datafield tag="721" ind1="#" ind2="#">
   <subfield code="a">CNKT Điện tử viễn thông</subfield>
  </datafield>
  <datafield tag="721" ind1="#" ind2="#">
   <subfield code="a">CNKT Điện tử</subfield>
  </datafield>
  <datafield tag="721" ind1="#" ind2="#">
   <subfield code="a">CNKT Điện</subfield>
  </datafield>
  <datafield tag="721" ind1="#" ind2="#">
   <subfield code="a">CNKT Nhiệt lạnh</subfield>
  </datafield>
  <datafield tag="721" ind1="#" ind2="#">
   <subfield code="a">CNKT Ô tô</subfield>
  </datafield>
  <datafield tag="841" ind1="#" ind2="#">
   <subfield code="b">Kho Sách </subfield>
   <subfield code="j">100024885, 100024958</subfield>
  </datafield>
 </record>
</collection>
